书目信息 |
| 题名: |
半导体器件电子学
|
|
| 作者: | 沃纳 著 | |
| 分册: | ||
| 出版信息: | 北京 电子工业出版社 2002.09 |
|
| 页数: | 904页 | |
| 开本: | 25cm | |
| 丛书名: | ||
| 单 册: | ||
| 中图分类: | TN301 | |
| 科图分类: | ||
| 主题词: | 半导体技术 | |
| 电子资源: | ||
| ISBN: | 7-5053-7962-3 | |
| 000 | 00532nam0 2200193 45 | |
| 001 | 0457434272 | |
| 005 | 2004092015571399 | |
| 010 | @a7-5053-7962-3@dCNY 72.00 | |
| 100 | @a20040920d2002 km y0chiy0120 ea | |
| 101 | 0 | @achi |
| 102 | @aCN@b110000 | |
| 200 | 1 | @a半导体器件电子学@ABan Dao Ti Qi Jian Dian Zi Xue@f(美)沃纳著@F(Mei)Wo Na Zhu |
| 210 | @a北京@c电子工业出版社@d2002.09 | |
| 215 | @a904页@d25cm | |
| 606 | 0 | @a半导体技术 |
| 690 | @aTN301@v3 | |
| 701 | 0 | @a沃纳@AWo Na@4著 |
| 801 | 0 | @aCN@bPFT@c20040920 |
| 905 | @dTN301@eW705 | |
| 半导体器件电子学/(美)沃纳著.-北京:电子工业出版社,2002.09 |
| 904页;25cm |
| ISBN 7-5053-7962-3:CNY 72.00 |
| ● |
| 相关链接 |
|
|
|
正题名:半导体器件电子学
索取号:TN301/W705
 
预约/预借
| 序号 | 登录号 | 条形码 | 馆藏地/架位号 | 状态 | 备注 |
| 1 | 394767 | 203947676 | 自科库301/301自科库 34排1列5层/ [索取号:TN301/W705] | 在馆 | |
| 2 | 394768 | 203947685 | 自科库301/301自科库 25排4列3层/ [索取号:TN301/W705] | 在馆 |